In God's path : the Arab conquests and the creation of an Islamic empire /

محفوظ في:

المؤلف الرئيسي: Hoyland, Robert G., 1966- (مؤلف)

التنسيق: كتاب

اللغة: English

منشور في: New York : Oxford University Press, [2015].

سلاسل: Ancient warfare and civilization.

الموضوعات:

الوسوم: إضافة وسم

لا توجد وسوم, كن أول من يضع وسما على هذه التسجيلة!

رقم الطلب: DS38.1 .H688 2015

LEADER 01106nam a2200253Ia 4500
003 OSt
005 20260105095106.0
008 201123s2015 nyuab b 001 0 eng d
020 |a 9780199916368 
020 |a 9780199916375 
043 |a aw-----  |a ff-----  |a e-sp--- 
050 4 |a DS38.1 .H688 2015 
100 1 |a Hoyland, Robert G.,  |d 1966-  |e author 
245 1 0 |a In God's path :   |b the Arab conquests and the creation of an Islamic empire /   |c Robert G. Hoyland.  
264 1 |a New York :  |b Oxford University Press,  |c [2015]. 
300 |a x, 303 pages :  |b illustrations, maps ;  |c 25 cm. 
490 0 |a Ancient warfare and civilization. 
504 |a Includes bibliographical references (pages 279-285) and index. 
505 0 |a The setting -- The first battles (630-640) -- Eastwards and westwards (640-652) -- The push for constantinople (652-685) -- The great leap forward (685-715) -- Retrenchment and revolt (715-750) -- The making of islamic civilisation. 
651 0 |a Islamic Empire  |x History  |y 622-661. 
651 0 |a Islamic Empire  |x History  |y 661-750. 
901 |a reviewed 
942 |c BK  |2 lcc 
999 |c 31278  |d 31278